Normativitâ e coscienza: contributo allo studio sulle obiezioni di coscienza nell'esperienza giuridica occidentale
Guardat en:
| Autor principal: | |
|---|---|
| Format: | Llibre |
| Idioma: | italià |
| Publicat: |
Turín
G. Giappichelli
2009
|
| Matèries: | |
| Etiquetes: |
Afegir etiqueta
Sense etiquetes, Sigues el primer a etiquetar aquest registre!
|
MARC
| LEADER | 00000nam a2200000 a 4500 | ||
|---|---|---|---|
| 001 | UCH8941 | ||
| 003 | CL-VaPUC | ||
| 008 | 091217e20090000IT |||||||||||||||||ita|d | ||
| 020 | |a 9788834896136 | ||
| 082 | 0 | 4 | |a 269.2 |b VIO |2 21 |
| 100 | 0 | |a Violi, Stefano |e author |9 545705 | |
| 245 | 1 | 0 | |a Normativitâ e coscienza: contributo allo studio sulle obiezioni di coscienza nell'esperienza giuridica occidentale |
| 300 | |a 251 p | ||
| 942 | |c BK | ||
| 945 | |d 20091217 00:00:00 |a rbrito | ||
| 260 | |a Turín |b G. Giappichelli |c 2009 | ||
| 650 | 7 | |a DERECHO CANONICO |2 CL-VaPUC |9 545706 | |
| 650 | 0 | |a Derecho eclesiástico |9 255055 | |
| 583 | |a last modification |c 20091217 00:00:00 |k Rodrigo Vera | ||
| 999 | |c 339022 |d 339020 | ||
| 952 | |0 0 |1 0 |4 0 |6 269_200000000000000_VIO_2009 |7 0 |8 A |9 432376 |a BIBDER |b BIBDER |d 2019-11-22 |i 4626222 |o 269.2 VIO 2009 |p 4626222 |r 2023-01-25 |w 2019-11-22 |y BK |k DER | ||